Transformational Governance : How Boards Achieve Extraordinary Change. (Record no. 2418)

MARC details
005 - DATE AND TIME OF LATEST TRANSACTION
control field 20250516142722.0
020 ## - INTERNATIONAL STANDARD BOOK NUMBER
International Standard Book Number 978-1-118-97672-2
082 ## - DEWEY DECIMAL CLASSIFICATION NUMBER
Classification number 658.422 GAZ
100 ## - MAIN ENTRY--PERSONAL NAME
Author name GAZLEY, B.
245 ## - TITLE STATEMENT
Title Transformational Governance : How Boards Achieve Extraordinary Change.
260 ## - PUBLICATION, DISTRIBUTION, ETC.
Place of publication, distribution, etc. Canada,
Name of publisher, distributor, etc. John Wiley & Sons,
Date of publication, distribution, etc. 2015.
300 ## - PHYSICAL DESCRIPTION
Extent xxv, 262p.: ill.; figure, table
Other physical details Bibliographical References & Index
Dimensions 23cm.
700 ## - ADDED ENTRY--PERSONAL NAME
Other authors/Editors KISSMAN, K.
942 ## - ADDED ENTRY ELEMENTS (KOHA)
Source of classification or shelving scheme Dewey Decimal Classification
Koha item type Books
Holdings
Date last seen Total checkouts Full call number Barcode Cost, replacement price Price effective from Koha item type Lost status Source of classification or shelving scheme Damaged status Not for loan Withdrawn status Home library Current library Shelving location Date acquired Cost, normal purchase price
05/16/2025   658.422 GAZ 0000009089 248064.00 05/16/2025 Books   Dewey Decimal Classification       College of Business Education Main Library College of Business Education Main Library General Collection 07/08/2016 82688.00
05/16/2025   658.422 GAZ 0000009090 248064.00 05/16/2025 Books   Dewey Decimal Classification       College of Business Education Main Library College of Business Education Main Library General Collection 07/08/2016 82688.00
05/16/2025   658.422 GAZ 0000009091 248064.00 05/16/2025 Books   Dewey Decimal Classification       College of Business Education Main Library College of Business Education Main Library General Collection 07/08/2016 82688.00